Jeta v Drážďanoch

Bibliographic Details
Main Author: Schutzová, Helga (Author)
Other Authors: Humajová, Daniela, 1955- (Translator)
Format: Article
Language:Slovak
Subjects:

MARC

LEADER 00000nab a2200000 a 4500
001 vtls000117733
003 SK-MaSNL
005 20260304074621.0
008 250423c1982 xo 0 slo
015 |a SNBRB19rr/mm-uuuuu 
035 |a CL0127838 
035 |a urn:nbn:sk:snk-abbb2g 
035 |a (urnnbn)urn:nbn:sk:snk:ar-006hhx 
035 |a (uuid)5d62e22e-35db-40ca-9e79-167eb747ab9c 
040 |a SNKBUCL  |b slo  |c SNKBUCL  |e AACR2 
041 0 |a slo 
044 |a xo  |c SK 
080 |a 830-3(087.5)  |2 1981 
100 1 |a Schutzová, Helga  |4 aut  |9 1364310 
245 1 0 |a Jeta v Drážďanoch  |c Helga Schutzová ; Daniela Humajová 
650 0 7 |a prózy psychologické  |2 snkbucl  |9 893892 
650 0 7 |a prózy dievčenské  |2 snkbucl  |9 942663 
650 0 7 |a literatúra pre deti a mládež  |2 snkbucl  |9 21893 
655 7 |a články z novín a časopisov  |2 snkbucl  |9 267496 
655 7 |a články z odboru literárna veda a krásna literatúra  |2 snkbucl  |9 770045 
700 1 |a Humajová, Daniela,  |d 1955-  |4 trl  |9 98624 
773 0 |t Revue svetovej literatúry  |g Roč. 18, č. 2 (1982), s. 143 
850 |a Slovenská národná knižnica 
852 |a Slovenská národná knižnica 
958 |a article15 
958 |a RK 
958 |a LX 
958 |a OND 
958 |a EUIPO 
999 |c 2777037  |d 2778967